| 000 | 00374nam a2200145Ia 4500 | ||
|---|---|---|---|
| 008 | 230711s9999||||xx |||||||||||||| ||und|| | ||
| 041 | _aENG | ||
| 082 |
_a4.22 _bHA-C |
||
| 100 | _aHayes,John P | ||
| 245 | 0 | _aComputer Architecture organisation | |
| 250 | _a1st | ||
| 260 |
_c1988 _aNew York _bTata McGraw Hill Education Limited |
||
| 650 | _aComputer Engineering | ||
| 942 | _cBK | ||
| 999 |
_c353 _d353 |
||